000 05002nam a22005177a 4500
005 20110330165114.0
010 _aENG-102196 B-464190-209
020 _a9788191027907
_c2000.00
035 _aEN-85729 B-464190-209
037 _bDBAD/PUB
037 _bAllied Pub/Ven
082 _a230.91
100 1 _aMohan, Kumud
_948189
245 1 0 _aTemple tales from India /
_ctext and photographs by Kumud Mohan ; foreworded by Pandit Jasraj
250 _a2nd ed
260 _aNew Delhi
_bCulture India
_c2011
270 _a28, Anand Lok
_bNew Delhi
_e110049
_k91-11-26258198
_mcultureindia.net@gmail.com
300 _axiii, 82, [1] p. :
_bcol. ill.
_c30 cm (Hb)
600 1 0 _aMohan, Kumud
_xTravel
_zIndia.
_948190
650 0 _aHindu temples
_zIndia
_vGuidebooks.
_948191
650 0 _aHindu pilgrims and pilgrimages
_zIndia
_vGuidebooks.
_948192
942 _2ddc
_cEN
_mMOH
_h230.91
999 _c51328
_d51328